000 00657nam a2200241 i 4500
001 C2-0168538
003 PPAK
005 20180728091028.0
008 980714s1993 at a|||| ||||| | eng d
020 _a0731802721
040 _aPPAK
_beng
_cPPAK
_erda
082 0 4 _a746.442
_2 23
090 0 0 _a746.442
_bKEE
_dR
100 1 _aKee, Jenny,
_eauthor
245 1 0 _aJenny Kee needlepoint
264 1 _aAustralia :
_bSimon & Schuster ,
_c1993
300 _a103 pages :
_bcolour illustrations ;
_c29 cm
336 _2rdacontent
_atext
337 _2rdamedia
_aunmediated
338 _2rdacarrier
_avolume
650 1 0 _aCanvas embroidery
942 _ddc
_cB
999 _c152681
_d152681